Państwa z największą ilością aktywnych reaktorów jądrowych. - Statystyki

Ogólne statystyki
  • Ten quiz został rozwiązany 22 razy
  • Średni wynik to 12 z 15
Statystyki odpowiedzi
Miejsce Ilość elektrowni jądrowych Państwo % Poprawnych
2 58 Chiny
100%
4 37 Rosja
100%
1 94 Stany Zjednoczone
100%
3 56 Francja
95%
6 23 Indie
95%
8 15 Ukraina
95%
9 14 Japonia
90%
10 7 Hiszpania
86%
7 19 Kanada
86%
11 6 Szwecja
76%
5 24 Korea Południowa
67%
7 Belgia
62%
12 5 Finlandia
62%
6 Czechy
52%
5 Szwajcaria
52%
Nie znaleziono quizów pasujących do podanych kryteriów
Rozkład punktacji
Procent ludzi z każdym wynikiem
Percentyl według liczby udzielonych odpowiedzi
Twoja historia wyników
Nie rozwiązałeś tego quizu